Management training strategies for developing countries (Бичлэгийн дугаар. 146045)
| 000 -УДИРДЛАГА | |
|---|---|
| Удирдлага | 01015nam a22003137a 4500 |
| 003 - ХЯНАЛТЫН ТОО ТОДОРХОЙЛОГЧ | |
| Код | MN-UlNUM |
| 005 - БИЧИЛТ ХИЙСЭН ОГНОО | |
| Тухайн бичилтийг бичсэн засварласан сүүлийн огноо | 20260102103535.0 |
| 008 - ЕРӨНХИЙ МЭДЭЭЛЭЛ | |
| Ерөнхий мэдээлэл | 260102s1987 cou|b||| |||| 001 0 eng | |
| 020 ## - ISBN | |
| ISBN | 1555870082 |
| 040 ## - БИЧЛЭГ ҮҮСГЭГЧ БАЙГУУЛЛАГА | |
| Бичлэг үүсгэгч номын сангийн код | МУИС-ийн номын сан |
| 084 ## - ББК АНГИЛАЛ | |
| Нэмэлт тусгалт | Бусад |
| ББК ангилал | 68.4 |
| Зохиогчийн гурван тэмдэгт | K 37 |
| Мэдлэгийн ялгаа | 68 - Цэрэг |
| 100 1# - ЗОХИОГЧ | |
| Зохиогчийн нэр | Kerrigan, John E. |
| 245 10 - ҮНДСЭН ГАРЧИГ | |
| Номын нэр | Management training strategies for developing countries |
| Оролцогчдын тухай мэдээ | John E. Kerrigan and Jeff S. Luke. |
| 260 ## - ГАРАЛТЫН МЭДЭЭ | |
| Хэвлэгдсэн газар | Boulder, Colo. : |
| Хэвлэлийн газар | L. Rienner Publishers, |
| Хэвлэгдсэн он | 1987. |
| 300 ## - МАТЕРИАЛЫН ТОДОРХОЙЛОЛТ | |
| хуудасны тоо | xvi, 240 p. ; |
| Хэмжээ | 24 cm. |
| 500 ## - Тайлбар | |
| Дансны дугаар | БС 4802 |
| 546 ## - ХЭЛНИЙ ТУХАЙ МЭДЭЭ | |
| Хэл | Англи хэл дээр, |
| 653 ## - Түлхүүр үг | |
| Түлхүүр үг | government executives |
| 653 ## - Түлхүүр үг | |
| Түлхүүр үг | training of |
| 653 ## - Түлхүүр үг | |
| Түлхүүр үг | developing countries |
| 700 1# - ХАМ ЗОХИОГЧИД | |
| Ба бус | Luke, Jeffrey Scott. |
| 740 ## - НОМЫН ГАРЧИГ | |
| Гарчиг | The Managerial Gap in Developing Countries |
| 740 ## - НОМЫН ГАРЧИГ | |
| Гарчиг | The four Approaches to Management training |
| 740 ## - НОМЫН ГАРЧИГ | |
| Гарчиг | Assessment of Training for Enhancing Managerial Talent |
| 740 ## - НОМЫН ГАРЧИГ | |
| Гарчиг | Implications and Directions for the Future |
| 942 ## - ЭЛЕМЕНТИЙН ТӨРӨЛ | |
| Зүйлийн төрөл | Номзүйн гарын авлага |
